=LDR 00000nam 2200000 4500 =001 INLIS000000000010868 =005 20130612102458 =008 ***********************************Ind** =035 ##$$0010-061300000010868 =041 ##$$a Ind =082 ##$$a 665.776 =090 ##$$a 665.776, PAI-a =100 ##$$a PAIMAN, FARRY B =245 ##$$a ALAT PEMBUAT BIOGAS DARI DRUM, FARRY B. PAIMAN =260 ##$$a 1997 $b JAKARTA =300 ##$$a VI,50 Halaman, ilus, 21 cm =650 ##$$a BIOGAS ALAT DAN PERALATAN =850 ##$$a NBPNMAT